| 000 | 01083nam0a2200301 4500 | ||
|---|---|---|---|
| 001 | RU\NLR\bibl\86755 | ||
| 005 | 20260407135916.0 | ||
| 010 |
_a5-89681-025-3 _950000 |
||
| 021 |
_aRU _b1999-50938 _92522 |
||
| 035 | _a(NLR Aleph) 000084741 | ||
| 090 |
_a473238 _c473238 |
||
| 100 | _a20000518d1999 |||y0rusy50 ca | ||
| 101 | 0 | _arus | |
| 102 | _aRU | ||
| 105 | _ay ||||||||| | ||
| 200 | 1 |
_aСто дел Правительства Москвы _e(Справ.-информ. сб.) _f[Сост. Смирнов С.С., Хансверов Р.Х.] |
|
| 210 |
_aМ. _cИМ-Информ _d1999 |
||
| 215 |
_a78,[1] с. _d20 |
||
| 607 |
_aМосква, город _jСправочники _xНародное хозяйство _92104794 _3RU\NLR\auth\661272567 |
||
| 686 | _aУ03(2-2М)74я2 | ||
| 702 | 1 |
_aСмирнов _bС. С. _4220 |
|
| 711 | 0 | 1 |
_aМосква _bПравительство _3RU\NLR\AUTH\8810004940 _9507244 |
| 801 | 0 |
_aRU _bNLR _c20000518 _gPSBO |
|
| 801 | 1 |
_aRU _bNLR _c20000518 |
|
| 852 |
_aNLR _j2000-4/1515 |
||
| 942 | _cBOOK | ||
| 980 | _aNB | ||